000 00718nam a22002057a 4500
005 20251108175245.0
008 250721s2012 xx 000 0 ara d
082 1 4 _a303.430956/ربي
100 1 _aبلقزيز، عبد الإله
_eمحرر
245 1 0 _aالربيع العربي ... إلى أين ؟ :
_bأفق جديد للتغير الديمقراطي /
264 1 _aعمان :
_bمركز دراسات الوحدة العربية،
_c2012.
300 _a368 ص.
650 1 7 _aالتغير الإجتماعي
650 1 7 _aالثورات
650 1 7 _aالبلدان العربية
650 1 7 _aالتغير الثقافي
650 1 7 _aالديمقراطية
942 _2ddc
_cBK
999 _c129861
_d129861